000
00277nam a22001217a 4500
041
_a
ENG
100
_a
M.F.J Hawker
245
_a
Horticultural Machinery
260
_a
London
_b
Macdonald Technical &Scientifc
_c
1971
300
_a
169
650
_a
FMP (04)
856
_u
FMP (04)
999
_c
2754
_d
2754